00676 a2200181 45000010006000000050017000060080041000230030015000640400040000790800077001192450038001960200018002342640032002523000018002840410008003021000057003108560127003673025220260407155614.0260407a2004 arg spa dAR-UNSa-BCEJYS aAR-UNSa-BCEJYSbspacAR-UNSa-BCEJYS a311.3xOrganización general de las estadisticas. Estadística oficial10aSinopsis estadísticap2002-2003 a950-896-344-1 1aBuenos Aires :bINDECc2004 a45 p.c21 cm. aspa1 aInstituto Nacional de Estadística y Censos (INDEC)41uhttps://biblioeco.unsa.edu.ar/pmb/images/revistas/Sinopsis Estadistica 2002-2003-d00008.jpgyImagen de portadaqimage/jpeg